MARC

Tag First Indicator Second Indicator Subfields
LEADER 00000cam a2200000 a 4500
001 in00002078621
005 20151102140334.0
008 050315s2004 ne a b 100 0 eng
010 |a  2005298874 
020 |a 1402027702 
020 |a 1402027710 (pbk.) 
035 |a (OCoLC)ocm58828233 
040 |a UKM  |c UKM  |d DLC  |d TXA  |d UtOrBLW 
042 |a lccopycat 
049 |a TXAM 
050 0 0 |a QC174.45.A1  |b N358 2001 
082 0 |a 530.143  |2 22 
111 2 |a NATO Advanced Research Workshop on New Techniques in Topological Quantum Field Theory  |d (2001 :  |c Kananaskis Village, Alta.) 
245 1 0 |a Advances in topological quantum field theory /  |c edited by John M. Bryden. 
264 1 |a Dordrecht ;  |a Boston :  |b Kluwer Academic Publishers,  |c [2004] 
264 4 |c ©2004 
300 |a 353 pages :  |b illustrations ;  |c 25 cm. 
336 |a text  |b txt  |2 rdacontent 
337 |a unmediated  |b n  |2 rdamedia 
338 |a volume  |b nc  |2 rdacarrier 
490 1 |a NATO science series. Series II, Mathematics, physics, and chemistry ;  |v v. 179 
500 |a "Published in cooperaton with NATO Scientific Affairs Division." 
500 |a "Proceedings of the NATO Advanced Research Workshop on New Techniques in Topological Quantum Field Theory, Kananaskis Village, Canada, 22-26 August 2001"--Title page verso. 
504 |a Includes bibliographical references. 
650 0 |a Quantum field theory  |v Congresses. 
650 0 |a Mathematical physics  |v Congresses. 
653 1 |a Topological quantum field theory 
700 1 |a Bryden, J. M.  |q (John M.) 
710 2 |a North Atlantic Treaty Organization.  |b Scientific Affairs Division. 
830 0 |a NATO science series.  |n Series II,  |p Mathematics, physics, and chemistry ;  |v v. 179. 
948 |a cataloged  |b h  |c 2005/10/18  |d c  |e dmitchel  |f 2:00:00 pm 
994 |a C0  |b TXA 
999 |a MARS 
999 f f |s ab87b983-2afc-3c53-95e8-f8513cfb367e  |i 13737b62-379c-3ecc-8874-8a93161cddec  |t 0 
952 f f |p normal  |a Texas A&M University  |b College Station  |c Sterling C. Evans Library  |d Evans: Library Stacks  |t 0  |e QC174.45.A1 N358 2001  |h Library of Congress classification  |i unmediated -- volume  |m A14833050691 
998 f f |a QC174.45.A1 N358 2001  |t 0  |l Evans: Library Stacks